[Event "Championnat de France des Jeunes - Benja"]
[Site "TROYES"]
[Date "2010.04.12"]
[Round "2.5"]
[White "Kambrath, Yannick"]
[Black "Aubrun, Lucas"]
[Result "1-0"]
[WhiteElo "1941"]
[BlackElo "1740"]
[PlyCount "71"]
[EventDate "2010.??.??"]

1. d4 Nf6 2. c4 c5 3. d5 b5 4. Qc2 d6 5. e4 bxc4 6. Bxc4 g6 7. Nf3 Bg7 8. O-O
O-O 9. h3 Ba6 10. Na3 Qb6 11. Rb1 Nbd7 12. Be3 Bxc4 13. Nxc4 Qa6 14. Rfd1 Rab8
15. e5 Ne8 16. Bf4 Rd8 17. h4 Nb6 18. Nxb6 axb6 19. h5 Nc7 20. Qe4 Qxa2 21. Ra1
Qxb2 22. Rdb1 Qc3 23. Bd2 f5 24. exf6 Qxf6 25. Ra7 Na8 26. Bg5 Qf5 27. Qe1 Bf6
28. Bxf6 Qxf6 29. Rxe7 Rb8 30. Ra1 Rf7 31. Re6 Qd8 32. hxg6 hxg6 33. Rxg6+ Kf8
34. Ng5 Qd7 35. Ne6+ Ke8 36. Rg8+ 1-0

[Event "Championnat de France des Jeunes - Benja"]
[Site "TROYES"]
[Date "2010.04.12"]
[Round "2.6"]
[White "Burmonas, Romain"]
[Black "Malka, Samuel"]
[Result "0-1"]
[WhiteElo "1731"]
[BlackElo "1919"]
[PlyCount "72"]
[EventDate "2010.??.??"]

1. e4 c5 2. Nc3 Nc6 3. f4 e6 4. Nf3 Nf6 5. Bc4 d5 6. e5 dxc4 7. exf6 Qxf6 8. d3
cxd3 9. Qxd3 Be7 10. Be3 O-O 11. O-O-O b6 12. g4 Rd8 13. Qe2 Nd4 14. Nxd4 cxd4
15. Ne4 Qg6 16. Bxd4 Bb7 17. Rhe1 Qxe4 18. Qxe4 Bxe4 19. Rxe4 Rd7 20. c3 Rad8
21. Re2 Bd6 22. Rf2 Bc5 23. Rfd2 Bxd4 24. Rxd4 Rxd4 25. Rxd4 Rxd4 26. cxd4 Kf8
27. Kc2 Ke7 28. Kd3 Kd6 29. Ke4 f6 30. h4 Kc6 31. g5 Kd6 32. gxf6 gxf6 33. f5
e5 34. dxe5+ fxe5 35. h5 b5 36. h6 a5 0-1

[Event "Championnat de France des Jeunes - Benja"]
[Site "TROYES"]
[Date "2010.04.12"]
[Round "2.7"]
[White "Purenne, Benoit"]
[Black "Bombail, Leonard"]
[Result "1/2-1/2"]
[WhiteElo "1886"]
[BlackElo "1729"]
[PlyCount "116"]

1. e4 e5 2. Nf3 Nc6 3. Bb5 a6 4. Bxc6 dxc6 5. O-O f6 6. d4 exd4 7. Nxd4 c5 8.
Nb3 Qxd1 9. Rxd1 Bd7 10. Be3 b6 11. Nc3 O-O-O 12. a4 a5 13. Nd5 Ne7 14. Nc3 Ng6
15. Rf1 Ne5 16. Bf4 Nc4 17. Nd5 Bd6 18. Bxd6 Nxd6 19. Nd2 Rhe8 20. Nc3 Bc6 21.
Rae1 Nf7 22. Ndb1 Rd4 23. Re2 Bxa4 24. Rfe1 Bc6 25. Nd2 Ne5 26. f4 Ng6 27. g3
a4 28. h4 h5 29. Kf2 b5 30. Na2 Red8 31. Nf3 Rd1 32. Nc1 Rxe1 33. Rxe1 Kb7 34.
Nd3 Kb6 35. f5 Ne5 36. Nfxe5 fxe5 37. Ke3 Re8 38. Rg1 Re7 39. c3 Be8 40. g4 Bf7
41. gxh5 Bxh5 42. Rg5 Be8 43. Rg1 c6 44. Rh1 Bf7 45. h5 c4 46. Nf2 c5 47. Ng4
b4 48. Kd2 Kb5 49. f6 gxf6 50. Nxf6 a3 51. bxa3 bxa3 52. Kc2 Ka4 53. h6 Bg6 54.
h7 Rxh7 55. Rxh7 Bxh7 56. Nxh7 a2 57. Kb2 a1=Q+ 58. Kxa1 Kb3 1/2-1/2

[Event "Championnat de France des Jeunes - Benja"]
[Site "TROYES"]
[Date "2010.04.12"]
[Round "2.8"]
[White "Geffroy, Leo"]
[Black "Rouffignac, Tanguy"]
[Result "0-1"]
[WhiteElo "1731"]
[BlackElo "1885"]
[PlyCount "73"]
[EventDate "2010.??.??"]

1. d4 Nf6 2. c4 g6 3. Nc3 Bg7 4. e4 d6 5. Nf3 O-O 6. Be2 e5 7. d5 Nbd7 8. O-O
Ne8 9. Ne1 f5 10. f3 f4 11. Bd2 g5 12. Rc1 Rf7 13. b4 Bf8 14. Nd3 Rg7 15. Na4
Ndf6 16. Nf2 h5 17. h3 Bd7 18. c5 g4 19. fxg4 hxg4 20. Bxg4 Nxg4 21. Nxg4 Bxg4
22. hxg4 Nf6 23. Qe2 Nxg4 24. Rf3 Qe8 25. Nb2 Qh5 26. Rh3 Qg6 27. Nd3 Be7 28.
Qf3 Nf6 29. Nf2 Kf7 30. c6 b6 31. Kf1 Rag8 32. Rh2 Qg3 33. Rh1 Qxg2+ 34. Qxg2
Rxg2 35. Rc3 Rxf2+ 36. Kxf2 Nxe4+ 37. Kf1 0-1

[Event "Championnat de France des Jeunes - Benja"]
[Site "TROYES"]
[Date "2010.04.12"]
[Round "2.9"]
[White "Salles, Louis"]
[Black "Gautier, Clement"]
[Result "1/2-1/2"]
[WhiteElo "1728"]
[BlackElo "1875"]
[PlyCount "147"]
[EventDate "2010.??.??"]

1. Nc3 e5 2. Nf3 Nc6 3. d4 exd4 4. Nxd4 Bc5 5. Be3 Bb6 6. Nxc6 bxc6 7. Bxb6
cxb6 8. e4 Ne7 9. Qd6 O-O 10. Bc4 a5 11. a4 Ba6 12. Bxa6 Rxa6 13. O-O f5 14.
Rad1 Ra7 15. e5 f4 16. e6 Nc8 17. Qd3 d5 18. Qh3 Qf6 19. Rfe1 Re7 20. Rd2 Rfe8
21. Rde2 Nd6 22. Kf1 Nf5 23. Qd3 d4 24. Nd1 Rxe6 25. Rxe6 Rxe6 26. Qb3 Kf7 27.
Qxb6 Rxe1+ 28. Kxe1 Qe5+ 29. Kd2 f3 30. Qxc6 fxg2 31. Qxg2 Qf4+ 32. Ke1 Nh4 33.
Qb7+ Kg6 34. Qc6+ Kh5 35. Qd5+ g5 36. Ke2 h6 37. h3 Qf6 38. Qe4 Qd6 39. Kd2 Qf6
40. Qe8+ Qg6 41. Qxg6+ Nxg6 42. Kd3 Kh4 43. Kxd4 Kxh3 44. c4 Kg2 45. Ne3+ Kf3
46. Nf5 h5 47. c5 Kf4 48. Ng3 h4 49. Nf1 Ne7 50. Nh2 g4 51. Nf1 Kf3 52. Nh2+
Kf4 53. Nf1 Kf3 54. Nh2+ Kxf2 55. Nxg4+ Kg3 56. Ne3 h3 57. Kd3 Ng6 58. Ke2 Nf4+
59. Kd2 Nd5 60. c6 Nxe3 61. Kxe3 h2 62. c7 h1=Q 63. c8=Q Qe1+ 64. Kd4 Qd2+ 65.
Ke4 Qe2+ 66. Kd5 Qd1+ 67. Ke5 Qe2+ 68. Kd6 Qd1+ 69. Kc7 Qxa4 70. Qg8+ Kf3 71.
Qd5+ Ke3 72. Kb6 Qb4+ 73. Qb5 Kd2 74. Ka6 1/2-1/2

[Event "Championnat de France des Jeunes - Benja"]
[Site "TROYES"]
[Date "2010.04.12"]
[Round "2.10"]
[White "Leveque, Guillaume"]
[Black "Bach, Anatole"]
[Result "0-1"]
[WhiteElo "1725"]
[BlackElo "1842"]
[PlyCount "102"]
[EventDate "2010.??.??"]

1. e4 Nf6 2. e5 Nd5 3. d4 d6 4. c4 Nb6 5. exd6 exd6 6. Nc3 Be7 7. Bd3 Nc6 8.
Be3 O-O 9. Nf3 Bg4 10. a3 Re8 11. Qc2 g6 12. d5 Bxf3 13. gxf3 Ne5 14. Qe2 Bg5
15. Kd2 Bxe3+ 16. fxe3 Qh4 17. b3 Nbd7 18. Bc2 f5 19. Rhg1 Kh8 20. Nb5 Rec8 21.
Qg2 Qxh2 22. Qxh2 Nxf3+ 23. Kc3 Nxh2 24. e4 Nf3 25. Rgf1 fxe4 26. Bxe4 Nfe5 27.
Nd4 Kg8 28. Bg2 a6 29. Bh3 Rf8 30. Ne6 Rxf1 31. Rxf1 Rc8 32. c5 c6 33. Kd4 cxd5
34. Kxd5 dxc5 35. Ng5 Re8 36. Kd6 Nf8 37. Ne6 Nf7+ 38. Kd5 Nxe6 39. Bxe6 Re7
40. Rc1 Kg7 41. Rxc5 Kf6 42. Bxf7 Re5+ 43. Kd6 Rxc5 44. Kxc5 Kxf7 45. Kb6 h5
46. Kxb7 h4 47. Kxa6 h3 48. a4 h2 49. a5 h1=Q 50. Ka7 Qb1 51. a6 Qxb3 0-1

[Event "Championnat de France des Jeunes - Benj"]
[Site "TROYES"]
[Date "2010.04.12"]
[Round "2.1"]
[White "Langlais, Victoire"]
[Black "Navrotescu, Andreea"]
[Result "0-1"]
[WhiteElo "1900"]
[BlackElo "1568"]
[PlyCount "106"]
[EventDate "2010.??.??"]

1. e4 c5 2. Nf3 d6 3. d4 cxd4 4. Nxd4 Nf6 5. Nc3 a6 6. Be3 e6 7. Be2 b5 8. Qd2
Bb7 9. Bf3 Qc7 10. Qd3 Nbd7 11. Bg5 Nc5 12. Qe3 b4 13. Nce2 Nfxe4 14. Ng3 Nxg5
15. Qxg5 h6 16. Qe3 Be7 17. O-O O-O 18. Nb3 Bg5 19. Qe2 Nxb3 20. cxb3 d5 21.
Qd3 a5 22. Be2 Rfc8 23. Rab1 Qb6 24. Kh1 e5 25. Nf5 Qe6 26. Ne3 Ba6 27. Qd1
Bxe2 28. Qxe2 Rc5 29. Rbd1 Rac8 30. Qd3 Rd8 31. Rc1 Rxc1 32. Rxc1 d4 33. h4
dxe3 34. Qe4 Bf6 35. fxe3 Qd5 36. Qf5 e4 37. Qf1 Bxb2 38. Re1 Bc3 39. Rc1 Qd3
40. Qg1 Qe2 41. Rf1 Rd3 42. Rf2 Qxe3 43. Qf1 Qe1 44. Rxf7 Qxf1+ 45. Rxf1 e3 46.
Rf3 Rd1+ 47. Kh2 e2 48. Re3 e1=Q 49. Rxe1 Rxe1 50. Kh3 h5 51. Kg3 Re2 52. a4
bxa3 53. Kf3 Re8 0-1

[Event "Championnat de France des Jeunes - Benj"]
[Site "TROYES"]
[Date "2010.04.12"]
[Round "2.3"]
[White "Minaud, Emily"]
[Black "Canterel, Cecile"]
[Result "0-1"]
[WhiteElo "1540"]
[BlackElo "1840"]
[PlyCount "132"]

1. e4 c5 2. Nf3 e6 3. d4 cxd4 4. Nxd4 a6 5. Nc3 Nc6 6. Nf3 b5 7. Bd3 Bb7 8. Be3
Nge7 9. O-O d5 10. exd5 Nxd5 11. Ne4 Nxe3 12. fxe3 Be7 13. Qe1 h6 14. Qg3 O-O
15. Nf2 Bd6 16. Qh4 Qxh4 17. Nxh4 Ne5 18. Be4 Bxe4 19. Nxe4 Be7 20. Nf3 Nc4 21.
Rfe1 Nxb2 22. Ne5 Rac8 23. Re2 Nc4 24. Nf3 Na3 25. Rc1 Rc4 26. Ng3 Rfc8 27. Ne1
Bf6 28. e4 Bb2 29. Rd1 Nxc2 30. Nxc2 Rxc2 31. Rd8+ Rxd8 32. Rxc2 Be5 33. Kf2
Rb8 34. Nf1 a5 35. h3 a4 36. Ke3 g5 37. g3 Kf8 38. Rc5 Bd6 39. Rc6 Be7 40. e5
b4 41. Kd2 Rd8+ 42. Kc2 Rd5 43. Ra6 Rxe5 44. Rxa4 Re1 45. Nd2 Re3 46. Nf1 Rf3
47. Nd2 Rxg3 48. Nc4 Rxh3 49. Ne5 Ra3 50. Rxa3 bxa3 51. Ng4 Kg7 52. Kd3 f5 53.
Nf2 Kg6 54. Ke2 h5 55. Kf3 e5 56. Kg3 e4 57. Nh3 Bd6+ 58. Kf2 f4 59. Ke2 g4 60.
Nf2 Kf5 61. Kf1 h4 62. Kg2 e3 63. Nh1 f3+ 64. Kf1 g3 65. Nf2 e2+ 66. Ke1 Bb4#
0-1

[Event "Championnat de France des Jeunes - Benj"]
[Site "TROYES"]
[Date "2010.04.12"]
[Round "2.4"]
[White "Bellaiche, Elise"]
[Black "Thomas, Anysia"]
[Result "1-0"]
[WhiteElo "1833"]
[BlackElo "1530"]
[PlyCount "57"]

1. e4 e5 2. Nf3 Nc6 3. d4 exd4 4. Bc4 Bc5 5. O-O Nf6 6. e5 Ne4 7. Re1 d5 8.
exd6 f5 9. Ng5 Ne5 10. Nxe4 fxe4 11. Rxe4 cxd6 12. Qh5+ Kd7 13. Bb5+ Kc7 14.
Bg5 Qf8 15. Qh4 h6 16. Be7 g5 17. Bxf8 gxh4 18. Bg7 Bf5 19. Rf4 Rhg8 20. Bxe5
Bh3 21. Rf7+ Kb6 22. Bf1 dxe5 23. Nd2 Rg6 24. Nc4+ Ka6 25. Nxe5+ b5 26. Nxg6
Bg4 27. a4 Rc8 28. axb5+ Kb6 29. Ra6# 1-0

[Event "Championnat de France des Jeunes - Benj"]
[Site "TROYES"]
[Date "2010.04.12"]
[Round "2.5"]
[White "Lucas, Maurane"]
[Black "Abidi, Hasma"]
[Result "0-1"]
[WhiteElo "1530"]
[BlackElo "1740"]
[PlyCount "118"]

1. d4 d5 2. Nf3 Nf6 3. e3 Bf5 4. c4 e6 5. Qb3 b6 6. Nc3 dxc4 7. Bxc4 Bd6 8. O-O
O-O 9. d5 e5 10. e4 Nxe4 11. Nxe4 Bxe4 12. Ng5 Bf5 13. Qf3 Bg6 14. Bd3 Be7 15.
Bxg6 fxg6 16. Ne6 Rxf3 17. Nxd8 Rd3 18. Ne6 Bd6 19. f4 Na6 20. fxe5 Bxe5 21.
Bf4 Rxd5 22. Rae1 Bxf4 23. Rxf4 Re8 24. Ref1 Rf5 25. Ra4 Rxe6 26. Rxa6 Ra5 27.
Rxa5 bxa5 28. Rc1 Re2 29. Rxc7 Rxb2 30. Rc8+ Kf7 31. Rc7+ Kf6 32. Rc6+ Ke7 33.
Rc7+ Kd6 34. Rxa7 Rxa2 35. Kf1 a4 36. Ke1 Rxg2 37. Rxa4 Rxh2 38. Ra7 Ke5 39.
Ra5+ Kf6 40. Ra6+ Kg5 41. Ra5+ Kh6 42. Ra6 Rc2 43. Kd1 Rc7 44. Ke2 Kh5 45. Ra1
g5 46. Rh1+ Kg6 47. Kf3 Rf7+ 48. Kg3 h5 49. Rh2 h4+ 50. Kg4 Rf4+ 51. Kh3 Kh5
52. Kg2 g4 53. Kg1 g3 54. Rg2 Ra4 55. Kf1 Ra1+ 56. Ke2 Kg4 57. Kd3 h3 58. Re2
h2 59. Re4+ Kh3 0-1

[Event "Championnat de France des Jeunes - Benj"]
[Site "TROYES"]
[Date "2010.04.12"]
[Round "2.6"]
[White "Fischer, Julie"]
[Black "Vallat, Julie"]
[Result "1-0"]
[WhiteElo "1721"]
[BlackElo "1510"]
[PlyCount "65"]

1. e4 e5 2. Nf3 Nc6 3. d4 exd4 4. Bc4 Be7 5. Nxd4 Nf6 6. Nxc6 bxc6 7. e5 Ne4 8.
Qf3 d5 9. exd6 Nxd6 10. Qxc6+ Bd7 11. Qa6 Nxc4 12. Qxc4 O-O 13. O-O Rb8 14. Nc3
Bf6 15. Bf4 Rxb2 16. Rac1 Bxc3 17. Qxc3 Rxa2 18. Bxc7 Qc8 19. Qg3 f6 20. c4 Rf7
21. Rfd1 h6 22. c5 Be8 23. Rd8 Qxc7 24. Rxe8+ Kh7 25. Qd3+ g6 26. Qd5 Rb2 27.
Qa8 g5 28. Rh8+ Kg6 29. Qe4+ f5 30. Qe6+ Kh5 31. Rxh6+ Kg4 32. h3+ Kf4 33. Qe3#
1-0

[Event "Championnat de France des Jeunes - Benj"]
[Site "TROYES"]
[Date "2010.04.12"]
[Round "2.7"]
[White "Guillemot, Agathe"]
[Black "Bekhouche, Marion"]
[Result "0-1"]
[WhiteElo "1510"]
[BlackElo "1707"]
[PlyCount "46"]

1. e4 e6 2. d4 d5 3. exd5 exd5 4. Nc3 Bb4 5. Bd2 Ne7 6. Bd3 Nbc6 7. Nce2 Bd6 8.
c4 dxc4 9. Bxc4 Bg4 10. Qb3 O-O 11. O-O-O a5 12. f3 a4 13. Qc2 Bf5 14. Bd3 Bxd3
15. Qxd3 Nd5 16. Qf5 Be7 17. Qg4 Bf6 18. Ng3 Nxd4 19. Nh5 Qd6 20. Kb1 a3 21.
Bh6 Nc3+ 22. Kc1 Nb3+ 23. axb3 Qxd1# 0-1

[Event "Championnat de France des Jeunes - Benj"]
[Site "TROYES"]
[Date "2010.04.12"]
[Round "2.8"]
[White "Nourani, Maral"]
[Black "Mouzayek, Sarah"]
[Result "1/2-1/2"]
[WhiteElo "1690"]
[BlackElo "1490"]
[PlyCount "105"]

1. e4 c6 2. d4 d5 3. e5 Bf5 4. Bd3 Bxd3 5. Qxd3 Nd7 6. Nc3 e6 7. Nge2 c5 8. Be3
c4 9. Qd2 Bb4 10. O-O Ne7 11. f4 Qb6 12. a3 Bxc3 13. Nxc3 Nf5 14. Rab1 Qc6 15.
Bf2 b5 16. Ne2 f6 17. Ng3 Nxg3 18. Bxg3 f5 19. Bh4 Nf8 20. Rf3 Ng6 21. Bf2 Kd7
22. Rg3 a5 23. h4 Rhg8 24. h5 Ne7 25. b3 g6 26. Rh3 gxh5 27. Rxh5 c3 28. Qe2
Rg7 29. b4 a4 30. Be1 Ng6 31. Rg5 Ke8 32. Qe3 Rc8 33. Rg3 Rgc7 34. Rd1 Qb6 35.
Rd3 Rc4 36. Rxc3 Ne7 37. Rxc4 dxc4 38. c3 Kf7 39. Rh3 Kg7 40. Qg3+ Ng6 41. Qg5
Rc7 42. Qf6+ Kg8 43. Qd8+ Kg7 44. Qf6+ Kg8 45. Bd2 Rf7 46. Qg5 Qc7 47. g4 fxg4
48. Qxg4 Rf5 49. Rh5 Qf7 50. Rxf5 Qxf5 51. Qxf5 exf5 52. Kg2 Kf7 53. Kg3
1/2-1/2

[Event "Championnat de France des Jeunes - Benj"]
[Site "TROYES"]
[Date "2010.04.12"]
[Round "2.9"]
[White "Nolot, Clementine"]
[Black "Mirete, Rita"]
[Result "1-0"]
[WhiteElo "1672"]
[BlackElo "1480"]
[PlyCount "129"]

1. e4 e5 2. Nf3 Nc6 3. Bc4 Nf6 4. d3 Bc5 5. c3 O-O 6. Bb3 d5 7. Nbd2 dxe4 8.
dxe4 b6 9. O-O Bb7 10. h3 h6 11. Re1 Qd6 12. Qe2 a5 13. Nf1 Ba6 14. Bc4 Bxc4
15. Qxc4 Rfd8 16. Be3 Bxe3 17. Nxe3 Qe6 18. Qxe6 fxe6 19. Nc4 Nd7 20. Rad1 b5
21. Na3 Rab8 22. c4 bxc4 23. Nxc4 Kf7 24. Rd2 Ke7 25. Red1 Ra8 26. Nh4 Ke8 27.
Ng6 Rac8 28. f4 exf4 29. Nxf4 Ke7 30. Ng6+ Kf6 31. Rxd7 Rxd7 32. Rxd7 Kxg6 33.
Na3 Ne5 34. Rd2 Kg5 35. Rc2 c6 36. g3 Nd7 37. Nc4 a4 38. Nd6 Rb8 39. Rf2 Ne5
40. Kg2 g6 41. Rd2 Rd8 42. Nc4 Rxd2+ 43. Nxd2 Nd3 44. b3 Nc1 45. bxa4 Nxa2 46.
a5 Nb4 47. Nb3 Na6 48. Nd4 c5 49. Nxe6+ Kf6 50. Nf4 Ke5 51. Kf3 Kd6 52. Nd5 Ke5
53. Ke3 Kd6 54. Kd3 Kc6 55. Kc4 Kd6 56. Kb5 Nb8 57. Nc3 Nd7 58. a6 Kc7 59. Nd5+
Kb8 60. Kc6 Ne5+ 61. Kxc5 Ka7 62. Nb4 Nd7+ 63. Kd6 Nf6 64. e5 Ne4+ 65. Kd7 1-0

[Event "Championnat de France des Jeunes - Benj"]
[Site "TROYES"]
[Date "2010.04.12"]
[Round "2.10"]
[White "Bertrand, Meryl"]
[Black "Reau, Florine"]
[Result "1-0"]
[WhiteElo "1632"]
[BlackElo "1460"]
[PlyCount "27"]

1. e4 e6 2. d4 d5 3. exd5 exd5 4. Be3 Nf6 5. Bd3 Be6 6. Nf3 Bd6 7. h3 Nbd7 8.
Nbd2 Qe7 9. O-O O-O 10. c4 dxc4 11. Nxc4 c5 12. Nxd6 Qxd6 13. dxc5 Nxc5 14.
Bxh7+ 1-0

[Event "Championnat de France des Jeunes - Pupi"]
[Site "TROYES"]
[Date "2010.04.12"]
[Round "2.1"]
[White "Marie, Florian"]
[Black "Bellahcene, Bilel"]
[Result "0-1"]
[WhiteElo "1651"]
[BlackElo "2072"]
[PlyCount "94"]
[EventDate "2010.??.??"]

1. d4 Nf6 2. c4 e6 3. Nc3 Bb4 4. Nf3 c5 5. d5 O-O 6. Bd2 exd5 7. cxd5 Re8 8. e3
d6 9. Bc4 a6 10. O-O b5 11. Bb3 Bg4 12. Bc2 Nbd7 13. a4 Bxc3 14. Bxc3 b4 15.
Bxf6 Qxf6 16. b3 Ne5 17. Be4 Nxf3+ 18. Bxf3 Bxf3 19. Qxf3 Qxf3 20. gxf3 f5 21.
Rfe1 Re5 22. Red1 Kf7 23. Kf1 Kf6 24. Ke2 g5 25. h3 Rg8 26. Rd2 Rg6 27. Rh1 Rh6
28. Rdd1 Rh4 29. Rd2 c4 30. bxc4 Rxc4 31. Rb1 a5 32. Kf1 Rc3 33. Ra1 f4 34. e4
Rxf3 35. Kg2 Rc3 36. f3 Re7 37. Re2 Ke5 38. Kf2 Rec7 39. Rg1 h6 40. h4 Rc2 41.
hxg5 Rxe2+ 42. Kxe2 hxg5 43. Rxg5+ Kd4 44. Rg6 b3 45. Rxd6 b2 46. Rb6 Rc2+ 47.
Kf1 Rc1+ 0-1

[Event "Championnat de France des Jeunes - Pupi"]
[Site "TROYES"]
[Date "2010.04.12"]
[Round "2.2"]
[White "Msellek, Ilyass"]
[Black "Veys, Vincent"]
[Result "1-0"]
[WhiteElo "1970"]
[BlackElo "1643"]
[PlyCount "63"]

1. Nf3 Nf6 2. d4 g6 3. Nc3 Bg7 4. Bf4 d6 5. Qd2 Nbd7 6. Bh6 O-O 7. Bxg7 Kxg7 8.
e4 e5 9. O-O-O Qe7 10. h3 c6 11. Bd3 b5 12. g4 Bb7 13. dxe5 dxe5 14. Ne2 Nc5
15. Ng3 Nxd3+ 16. Qxd3 Rfd8 17. Qc3 Nd7 18. Rd2 Qc5 19. Rhd1 Qe7 20. g5 b4 21.
Qe3 Nb6 22. Rxd8 Rxd8 23. Rxd8 Qxd8 24. Nxe5 Qf6 25. f4 Bc8 26. Nd3 Be6 27. b3
Bxh3 28. f5 gxf5 29. e5 Qg6 30. Nf4 Qxg5 31. Ne6+ Kh6 32. Qxg5# 1-0

[Event "Championnat de France des Jeunes - Pupi"]
[Site "TROYES"]
[Date "2010.04.12"]
[Round "2.3"]
[White "Guerlach, Keigo"]
[Black "Rambaldi, Francesco"]
[Result "0-1"]
[WhiteElo "1640"]
[BlackElo "1952"]
[PlyCount "106"]

1. e4 c5 2. Nf3 e6 3. c3 Nf6 4. e5 Nd5 5. d4 cxd4 6. cxd4 b6 7. Nc3 Nxc3 8.
bxc3 Qc7 9. Bd2 Bb7 10. Bd3 d6 11. O-O Nd7 12. Ng5 dxe5 13. Qh5 g6 14. Qh3 Be7
15. Rae1 Bxg5 16. Bxg5 Qxc3 17. Rxe5 O-O 18. Re3 Qxd4 19. Bb5 Qd5 20. Bxd7 Qxg5
21. Ba4 Rad8 22. Rg3 Qf6 23. Bb3 Rd4 24. Qh6 Rfd8 25. Rh3 Qg7 26. Qg5 R8d7 27.
Qc1 a5 28. Qb1 Qf6 29. Qc1 Bd5 30. Bxd5 R4xd5 31. Qh6 Qg7 32. Qc1 Rc5 33. Qb1
b5 34. Rc1 Rxc1+ 35. Qxc1 Qd4 36. g3 Qd1+ 37. Qxd1 Rxd1+ 38. Kg2 Ra1 39. Rh4
Rxa2 40. Re4 b4 41. Re3 a4 42. Kf1 b3 43. Re1 b2 44. Rb1 Ra1 45. Rxa1 bxa1=Q+
46. Ke2 Qd4 47. f4 a3 48. f5 gxf5 49. g4 f4 50. g5 Qe3+ 51. Kd1 a2 52. g6 a1=Q+
53. Kc2 Qec3# 0-1

[Event "Championnat de France des Jeunes - Pupi"]
[Site "TROYES"]
[Date "2010.04.12"]
[Round "2.4"]
[White "Venou, Randjit"]
[Black "Allard, Julien"]
[Result "1-0"]
[WhiteElo "1950"]
[BlackElo "1631"]
[PlyCount "143"]

1. e4 c6 2. d4 d5 3. Nc3 dxe4 4. Nxe4 Nf6 5. Nxf6+ gxf6 6. Bf4 Bf5 7. c3 e6 8.
Nf3 Bd6 9. Bxd6 Qxd6 10. Nh4 Be4 11. Qe2 Bg6 12. Nxg6 hxg6 13. h3 Nd7 14. O-O-O
O-O-O 15. Qc2 Nb6 16. Bd3 f5 17. Kb1 Kb8 18. Be2 Qe7 19. Bf3 Rd7 20. Rhe1 Rhd8
21. g3 Ka8 22. h4 Rh8 23. Qd2 Qf6 24. Qf4 Nd5 25. Bxd5 cxd5 26. Qe5 Qxe5 27.
dxe5 Rc7 28. Kc2 Rh5 29. Rh1 Rc6 30. f4 Kb8 31. Kd3 Rc5 32. Rdg1 Rc4 33. b3 Re4
34. Re1 Rxe1 35. Rxe1 Rh8 36. c4 Rd8 37. Rh1 dxc4+ 38. Kxc4 Rd2 39. h5 gxh5 40.
Rxh5 Rxa2 41. Rh8+ Kc7 42. Rh7 Rg2 43. Rxf7+ Kd8 44. Rg7 Rc2+ 45. Kd3 Rc7 46.
Rg8+ Kd7 47. Rg7+ Kc6 48. Rxc7+ Kxc7 49. Ke3 a5 50. Kd4 b5 51. Kc5 a4 52. bxa4
bxa4 53. Kb4 Kc6 54. Kxa4 Kd5 55. Kb5 Ke4 56. Kc6 Kf3 57. Kd6 Kxg3 58. Kxe6
Kxf4 59. Kd6 Kg3 60. e6 f4 61. e7 f3 62. e8=Q f2 63. Qg6+ Kf3 64. Qh5+ Kg2 65.
Qg4+ Kh2 66. Qf3 Kg1 67. Qg3+ Kf1 68. Ke5 Ke1 69. Ke4 Ke2 70. Qg2 Ke1 71. Ke3
f1=N+ 72. Kd3 1-0

[Event "Championnat de France des Jeunes - Pupi"]
[Site "TROYES"]
[Date "2010.04.12"]
[Round "2.5"]
[White "Boudia, Samy"]
[Black "Haussernot, Cecile"]
[Result "0-1"]
[WhiteElo "1633"]
[BlackElo "1949"]
[PlyCount "74"]

1. d4 Nf6 2. c4 c5 3. d5 b5 4. Qc2 bxc4 5. e4 d6 6. Bxc4 g6 7. Nf3 Bg7 8. O-O
O-O 9. Nc3 Nbd7 10. h3 Nb6 11. Be2 e6 12. Rd1 exd5 13. exd5 Bf5 14. Bd3 Bxd3
15. Rxd3 Qd7 16. Rd1 Rfe8 17. Bg5 h6 18. Bxf6 Bxf6 19. Rac1 Bg7 20. Qd3 Rab8
21. b3 Rbc8 22. Ne4 f5 23. Ned2 Qf7 24. Nc4 Nxc4 25. bxc4 g5 26. Re1 g4 27.
hxg4 fxg4 28. Nh4 Rf8 29. Re2 Rce8 30. Rce1 Qxf2+ 31. Rxf2 Rxe1+ 32. Qf1 Rxf1+
33. Kxf1 Rb8 34. g3 Bd4 35. Re2 h5 36. Nf5 Rf8 37. Kg2 Rxf5 0-1

[Event "Championnat de France des Jeunes - Pupi"]
[Site "TROYES"]
[Date "2010.04.12"]
[Round "2.6"]
[White "Grezels, Florian"]
[Black "Guedon, Sosthene"]
[Result "1-0"]
[WhiteElo "1874"]
[BlackElo "1607"]
[PlyCount "79"]

1. e4 c5 2. Nf3 d6 3. d4 cxd4 4. Nxd4 Nf6 5. Nc3 g6 6. Be3 Bg7 7. f3 Nc6 8. Qd2
O-O 9. O-O-O Nxd4 10. Bxd4 Be6 11. g4 Qa5 12. a3 Rfc8 13. h4 Rab8 14. h5 b5 15.
hxg6 fxg6 16. g5 Nd7 17. Qh2 Nf8 18. Bxg7 Kxg7 19. Qd2 b4 20. Nd5 Bxd5 21. exd5
Qa4 22. Qd4+ Kg8 23. Bd3 Qa5 24. Kb1 bxa3 25. b3 a2+ 26. Kb2 Rb4 27. c4 Qa4 28.
Qc3 Rcb8 29. Bc2 Rxc4 30. Qd3 Rcb4 31. Ra1 Qd7 32. Rxa2 Qb7 33. Raa1 Qb6 34.
Rad1 a5 35. Rxh7 Kxh7 36. Qc3 a4 37. Rh1+ Kg8 38. Qh8+ Kf7 39. Bxg6+ Nxg6 40.
Rh7# 1-0

[Event "Championnat de France des Jeunes - Pupi"]
[Site "TROYES"]
[Date "2010.04.12"]
[Round "2.7"]
[White "Colin, Enzo"]
[Black "Froment, Theophile"]
[Result "0-1"]
[WhiteElo "1630"]
[BlackElo "1834"]
[PlyCount "72"]

1. e4 e6 2. d4 d5 3. exd5 exd5 4. c4 Nc6 5. Nf3 Bg4 6. Be3 Bb4+ 7. Nc3 Nf6 8.
a3 Bxc3+ 9. bxc3 O-O 10. Be2 Re8 11. O-O Ne4 12. Qc2 dxc4 13. Bxc4 Bxf3 14.
gxf3 Qh4 15. fxe4 Qg4+ 16. Kh1 Qf3+ 17. Kg1 Rxe4 18. h3 Rh4 19. Bd5 Qxd5 20. f3
Re8 21. Rfe1 Rxh3 22. Qg2 Qd7 23. Bf2 Rxe1+ 24. Rxe1 Rh6 25. Kf1 Rg6 26. Qh3
Qxh3+ 27. Ke2 Re6+ 28. Be3 Qg2+ 29. Kd3 Qxf3 30. Kd2 Na5 31. Kd3 Nc4 32. Kxc4
Rxe3 33. Rb1 Rxc3+ 34. Kb4 Qd3 35. a4 b6 36. Rb2 a5# 0-1

[Event "Championnat de France des Jeunes - Pupi"]
[Site "TROYES"]
[Date "2010.04.12"]
[Round "2.8"]
[White "Ek, Alexandre"]
[Black "Senebier, Hugo"]
[Result "1-0"]
[WhiteElo "1833"]
[BlackElo "1600"]
[PlyCount "55"]

1. e4 e6 2. d4 d5 3. exd5 exd5 4. c4 Nf6 5. Nc3 Be6 6. Qb3 b6 7. Qa4+ c6 8.
cxd5 Nxd5 9. Nf3 b5 10. Qd1 Bb4 11. Bd2 O-O 12. Bd3 Nd7 13. O-O Bg4 14. Nxd5
Bxd2 15. Ne3 Bxe3 16. fxe3 Re8 17. Qd2 f5 18. h3 Bxf3 19. Rxf3 g6 20. Qc2 Qc7
21. Bxb5 Rac8 22. Rc1 Nb8 23. d5 a6 24. Ba4 Qb6 25. dxc6 Re7 26. Qc3 h6 27. Qf6
Rg7 28. Qe6+ 1-0

[Event "Championnat de France des Jeunes - Pupi"]
[Site "TROYES"]
[Date "2010.04.12"]
[Round "2.9"]
[White "Triolo, Colin"]
[Black "Meunier, Clement"]
[Result "1/2-1/2"]
[WhiteElo "1600"]
[BlackElo "1813"]
[PlyCount "92"]

1. e4 c6 2. d4 d5 3. Nc3 dxe4 4. Nxe4 Nf6 5. Nxf6+ gxf6 6. Nf3 Qc7 7. Be3 Bg4
8. Be2 e6 9. c3 Nd7 10. h3 Bf5 11. Nd2 O-O-O 12. h4 Nb6 13. g4 Nd5 14. gxf5
Nxe3 15. fxe3 Qg3+ 16. Kf1 Qxe3 17. fxe6 fxe6 18. Bf3 e5 19. Nb3 Qf4 20. Qe2
Re8 21. Qe4 Bh6 22. Qxf4 Bxf4 23. dxe5 fxe5 24. Re1 Rhf8 25. Rd1 Bh6 26. Ke2
Rf4 27. Nc5 b6 28. Bxc6 Re7 29. Nd3 Rf6 30. Be4 Rg7 31. Rhg1 Kc7 32. Rxg7+ Bxg7
33. Bxh7 Rh6 34. Bf5 Rxh4 35. Rg1 Bh8 36. Rg8 Bf6 37. Rf8 Be7 38. Rc8+ Kb7 39.
Re8 Rh2+ 40. Kf3 Bd6 41. a3 a5 42. b4 Ra2 43. Nxe5 Bxe5 44. Rxe5 Rxa3 45. bxa5
Rxc3+ 46. Kf4 bxa5 1/2-1/2

[Event "Championnat de France des Jeunes - Pupi"]
[Site "TROYES"]
[Date "2010.04.12"]
[Round "2.10"]
[White "Duval, Thomas"]
[Black "Roussel, Glenn"]
[Result "1-0"]
[WhiteElo "1810"]
[BlackElo "1588"]
[PlyCount "83"]

1. e4 e5 2. Nf3 Nc6 3. Bc4 Bc5 4. Nc3 Nf6 5. d3 a6 6. a3 d6 7. h3 Be6 8. Ba2
Bxa2 9. Rxa2 Qe7 10. Bg5 Qe6 11. Bxf6 gxf6 12. Nd5 O-O-O 13. Ra1 Rhg8 14. Nh4
Ne7 15. Nxe7+ Qxe7 16. Qf3 Kb8 17. Nf5 Qe6 18. b4 Bd4 19. Rc1 Bb2 20. Rb1 Qa2
21. O-O Qxa3 22. Ne7 Rge8 23. Qxf6 Qc3 24. Nd5 Qxc2 25. Qxf7 c6 26. Qc7+ Ka8
27. Nb6+ Ka7 28. Nc4 Bd4 29. Nxd6 Rxd6 30. Qxd6 Qxd3 31. Rbd1 Qxe4 32. Rfe1
Bxf2+ 33. Kxf2 Qh4+ 34. Kg1 e4 35. Qd4+ Ka8 36. Re2 Rg8 37. Qxe4 Qh5 38. Rd3
Qb5 39. Red2 Qg5 40. Qxh7 Re8 41. Rd1 Rg8 42. Qxg8+ 1-0